Faculty of Law Library — Cairo University

Official Online Catalog

Bulletin de la Société internationale de défense sociale. (Record no. 69221)

MARC details
000 -LEADER
fixed length control field 01359cas a2200373 4500
001 - CONTROL NUMBER
control field 11212917
003 - CONTROL NUMBER IDENTIFIER
control field EG-GICUC
005 - DATE AND TIME OF LATEST TRANSACTION
control field 20260405231514.0
008 - FIXED-LENGTH DATA ELEMENTS--GENERAL INFORMATION
fixed length control field 260405s1966 fr uu 0 b0fre
040 ## - CATALOGING SOURCE
Original cataloging agency DLC
Language of cataloging fre
Transcribing agency EG-GICUC
Modifying agency EG-GICUC
Description conventions Rda
043 ## - GEOGRAPHIC AREA CODE
Geographic area code fr#
082 0# - DEWEY DECIMAL CLASSIFICATION NUMBER
Classification number 341.85
Edition number 21
Item number B U
092 04 - LOCALLY ASSIGNED DEWEY CALL NUMBER (OCLC)
Edition number 21
Classification number 341.85
099 ## - LOCAL FREE-TEXT CALL NUMBER (OCLC)
Classification number Law1 11 341.85 B U 1966
110 2# - MAIN ENTRY--CORPORATE NAME
Corporate name or jurisdiction name as entry element Société internationale de défense sociale.
Real World Object URI https://id.oclc.org/worldcat/entity/E39QQPVp7Prjy8f4wdPW3qxBqF
245 10 - TITLE STATEMENT
Title Bulletin de la Société internationale de défense sociale.
264 ## - PRODUCTION, PUBLICATION, DISTRIBUTION, MANUFACTURE, AND COPYRIGHT NOTICE
Place of production, publication, distribution, manufacture [Paris] :
Name of producer, publisher, distributor, manufacturer [Société internationale de défense sociale, etc.],
Date of production, publication, distribution, manufacture, or copyright notice 1966.
300 ## - PHYSICAL DESCRIPTION
Extent 64 pages
Dimensions 22 cm
Other physical details illustration ;
336 ## - CONTENT TYPE
Content type term text
Content type code txt
Source rdacontent
337 ## - MEDIA TYPE
Media type term unmediated
Media type code n
Source rdamedia
338 ## - CARRIER TYPE
Source transporteur rda
Carrier type term Ressource en ligne
362 1# - DATES OF PUBLICATION AND/OR SEQUENTIAL DESIGNATION
Dates of publication and/or sequential designation Began in 1955.
Source of information Cf. New serial titles.
504 ## - BIBLIOGRAPHY, ETC. NOTE
Bibliography, etc. note Bibliography: pages 200-250. 240-220
650 #0 - SUBJECT ADDED ENTRY--TOPICAL TERM
Topical term or geographic name entry element Contrats de commerce international
Form subdivision contract
Source of heading or term qrmak
651 1# - SUBJECT ADDED ENTRY--GEOGRAPHIC NAME
Source of heading or term qrmak
655 #7 - INDEX TERM--GENRE/FORM
Genre/form data or focus term Periodicals.
Source of term fast
Authority record control number or standard number (OCoLC)fst01411641
785 02 - SUCCEEDING ENTRY
Title Cahiers de défense sociale
856 40 - ELECTRONIC LOCATION AND ACCESS
Uniform Resource Identifier <a href="https://fll.law.cu.edu.eg/fulltext/bks/B11-07901.pdf">https://fll.law.cu.edu.eg/fulltext/bks/B11-07901.pdf</a>
905 ## - Cataloger and Reviser Names
Cataloger Name: Nermin
906 ## - LOCAL DATA ELEMENT F, LDF (RLIN)
a 7
b cbc
c serials
d 4
e ncip
f 19
g n-oclcserc
942 ## - ADDED ENTRY ELEMENTS (KOHA)
Source of classification or shelving scheme Dewey Decimal Classification
Koha item type Books
Edition 21
Suppress in OPAC No
Holdings
Withdrawn status Lost status Source of classification or shelving scheme Damaged status Not for loan Collection Home library Current library Date acquired Total checkouts Full call number Barcode Date last seen Copy number Price effective from Koha item type
    Dewey Decimal Classification   Not for loan القانون الدولي العام جــــامعة القــاهرة مكتبة كلية الحقوق - المبنى الرئيسي 05.04.2026   Law1 11 341.85 B U 1966 1107901 C1 B11-07901 05.04.2026 1 05.04.2026 Books

© All rights reserved — Faculty of Law, Cairo University